Bibliography of the geology and mineral resources of California to December 31, l930, (Record no. 27065)
[ view plain ]
| 000 -LEADER | |
|---|---|
| fixed length control field | 00983cam a22002411 4500 |
| 001 - CONTROL NUMBER | |
| control field | gs 34000014 |
| 003 - CONTROL NUMBER IDENTIFIER | |
| control field | DLC |
| 005 - DATE AND TIME OF LATEST TRANSACTION | |
| control field | 20260227111338.0 |
| 008 - FIXED-LENGTH DATA ELEMENTS--GENERAL INFORMATION | |
| fixed length control field | 770815s1933 caua 000 0 eng c |
| 010 ## - LIBRARY OF CONGRESS CONTROL NUMBER | |
| LC control number | gs 34000014 |
| 035 ## - SYSTEM CONTROL NUMBER | |
| System control number | (OCoLC)3189162 |
| 040 ## - CATALOGING SOURCE | |
| Original cataloging agency | U.S. Geol. Survey. Library |
| Transcribing agency | TxEU |
| Modifying agency | DLC |
| 042 ## - AUTHENTICATION CODE | |
| Authentication code | premarc |
| 050 00 - LIBRARY OF CONGRESS CALL NUMBER | |
| Classification number | TN24.C2 |
| Item number | A3 no. 104a |
| 100 1# - MAIN ENTRY--PERSONAL NAME | |
| Personal name | Shedd, Solon, |
| Dates associated with a name | 1860- . |
| 245 10 - TITLE STATEMENT | |
| Title | Bibliography of the geology and mineral resources of California to December 31, l930, |
| Statement of responsibility, etc. | by Solon Shedd. |
| 260 ## - PUBLICATION, DISTRIBUTION, ETC. | |
| Place of publication, distribution, etc. | Sacramento, |
| Name of publisher, distributor, etc. | California state printing office, |
| Date of publication, distribution, etc. | 1933. |
| 300 ## - PHYSICAL DESCRIPTION | |
| Extent | xii, 376 p. |
| Other physical details | xiv pl. (port.) |
| Dimensions | 24 cm. |
| 490 0# - SERIES STATEMENT | |
| Series statement | California. Dept. of natural resources. Division of mines. Bulletin |
| Volume/sequential designation | no. 104 |
| 500 ## - GENERAL NOTE | |
| General note | At head of title: State of California. Department of natural resources. Division of mines. Geologic branch. |
| 650 #0 - SUBJECT ADDED ENTRY--TOPICAL TERM | |
| Topical term or geographic name entry element | Geology |
| Geographic subdivision | California |
| Form subdivision | Bibliography. |
| 650 #0 - SUBJECT ADDED ENTRY--TOPICAL TERM | |
| Topical term or geographic name entry element | Mines and mineral resources |
| Geographic subdivision | California |
| Form subdivision | Bibliography. |
No items available.